| 000 | 00606nam a2200241 a 4500 | ||
|---|---|---|---|
| 999 |
_c7642 _d7642 |
||
| 001 | 7642 | ||
| 003 | BD-JhCC | ||
| 005 | 20180222134111.0 | ||
| 008 | 180212s2006 uk |||| |||| 000 0 eng d | ||
| 020 | _a0748776605 | ||
| 035 | _a(BD-JhCC) | ||
| 040 |
_aBD-JhCC _dBD-JhCC |
||
| 041 | _aeng | ||
| 082 |
_a531 _bELL 2006 |
||
| 100 | _aEllse, Mark | ||
| 245 |
_aMechanics and Radioactivity / _cMark Ellse, Chris Honeywill |
||
| 260 |
_aLondon: _bNeison Thomas Ltd, _c2006 |
||
| 300 |
_a102 p;, _c24 cm |
||
| 650 | _aMechanics | ||
| 650 | _aRadioactivity | ||
| 700 | _aHoneywill, Chris | ||
| 942 |
_2ddc _cBK |
||